| 000 | 01343nam a2200337 i 4500 | ||
|---|---|---|---|
| 001 | 13335 | ||
| 003 | KOSZ 005 | ||
| 005 | 20201209092209.0 | ||
| 008 | 071123s1970 pl f f 000 0 pol | ||
| 015 | _aPB 1971/2054 | ||
| 035 | _a(OCoLC)233498351 | ||
| 040 |
_aWA N _cWA N _dKOSZ 005/KK |
||
| 041 | 1 |
_apol _hrus |
|
| 080 | _a621(4):338.984.5(4) | ||
| 100 | 1 |
_aKormnov, Ûrij Filipovič _eAutor. |
|
| 245 | 1 | 0 |
_aMiędzynarodowa specjalizacja produkcji : _bna przykładzie współpracy krajów RWPG w przemyśle maszynowym / _cJurij Kormonov [tłumaczenie z rosyjskiego Janina Skrzypkowska]. |
| 246 | 1 |
_iTytuł oryginału.: _aMeždunarodnaâ specializaciâ proizvodstva. |
|
| 260 |
_aWarszawa : _bPaństwowe Wydawnictwo Ekonomiczne, _c1970. |
||
| 300 |
_a408 stron. ; _c18 cm. |
||
| 336 |
_2rdacontent _aTekst _btxt |
||
| 337 |
_2rdamedia _aBez urządzenia pośredniczącego _bn |
||
| 338 |
_2rdacarrier _aWolumin _bnc |
||
| 380 | _aKsiążki. | ||
| 490 | 1 | _aPolska, RWPG, Świat. | |
| 658 | _aGospodarka, ekonomia, finanse | ||
| 700 | 1 |
_aSkrzypkowa, Janina Maria. _eTłumaczenie |
|
| 710 | 2 |
_aPaństwowe Wydawnictwo Ekonomiczne _4pbl. |
|
| 856 |
_uhttp://koha.tu.koszalin.pl/cgi-bin/koha/opac-detail.pl?biblionumber=13335 _yKatalog online BPK |
||
| 830 | 0 | _aPolska, RWPG, Świat | |
| 942 |
_2UKD _cKS |
||
| 999 |
_c13335 _d13335 |
||